The gossamer years (Kagero Nikki) : (Record no. 18511)
[ view plain ]
| 000 -CABECERA | |
|---|---|
| campo de control de longitud fija | 00860cam a22002291 4500 |
| 001 - NÚMERO DE CONTROL | |
| campo de control | 000018993 |
| 005 - FECHA Y HORA DE LA ÚLTIMA TRANSACCIÓN | |
| campo de control | 20200929165910.0 |
| 008 - DATOS DE LONGITUD FIJA--INFORMACIÓN GENERAL | |
| campo de control de longitud fija | 730109s1978 ja ab 000 0 eng d |
| 040 ## - FUENTE DE LA CATALOGACIÓN | |
| Centro catalogador/agencia de origen | DO-SdBNP |
| Lengua de catalogación | spa |
| Centro/agencia transcriptor | BNPHU |
| 041 17 - CÓDIGO DE LENGUA | |
| Código de lengua del texto/banda sonora o título independiente | eng |
| Código de lengua original | jpn |
| 100 0# - ENTRADA PRINCIPAL--NOMBRE DE PERSONA | |
| Nombre de persona | Michitsuna no Haha, |
| Fechas asociadas al nombre | ca. 935-995. |
| 9 (RLIN) | 40867 |
| 245 14 - MENCIÓN DE TÍTULO | |
| Título | The gossamer years (Kagero Nikki) : |
| Resto del título | the diary of a noblewoman of heian Japan / |
| Mención de responsabilidad, etc. | translated by Edward Seidensticker. |
| 250 ## - MENCIÓN DE EDICIÓN | |
| Mención de edición | 3. ed. |
| 260 ## - PUBLICACIÓN, DISTRIBUCIÓN, ETC. | |
| Lugar de publicación, distribución, etc. | Tokyo : |
| Nombre del editor, distribuidor, etc. | Charles E. Tuttle Company, |
| Fecha de publicación, distribución, etc. | 1978. |
| 300 ## - DESCRIPCIÓN FÍSICA | |
| Extensión | 201 p. : |
| Otras características físicas | ilus., mapas ; |
| Dimensiones | 23 cm. |
| 490 0# - MENCIÓN DE SERIE | |
| Mención de serie | UNESCO collection of representative works. Japanese series |
| 650 24 - PUNTO DE ACCESO ADICIONAL DE MATERIA--TÉRMINO DE MATERIA | |
| Término de materia o nombre geográfico como elemento de entrada | Literatura japonesa |
| 9 (RLIN) | 4301 |
| 650 24 - PUNTO DE ACCESO ADICIONAL DE MATERIA--TÉRMINO DE MATERIA | |
| Término de materia o nombre geográfico como elemento de entrada | Tradiciones japonesas |
| 9 (RLIN) | 40868 |
| 651 #4 - PUNTO DE ACCESO ADICIONAL DE MATERIA--NOMBRE GEOGRÁFICO | |
| Nombre geográfico | Japón |
| Subdivisión general | Corte Y Cortesanos |
| 9 (RLIN) | 40869 |
| 651 #4 - PUNTO DE ACCESO ADICIONAL DE MATERIA--NOMBRE GEOGRÁFICO | |
| Nombre geográfico | Japón |
| Subdivisión general | Costumbres |
| 9 (RLIN) | 40870 |
| 700 1# - PUNTO DE ACCESO ADICIONAL--NOMBRE DE PERSONA | |
| Nombre de persona | Seidensticker, Edward, |
| Fechas asociadas al nombre | 1921-2007, |
| Término indicativo de función/relación | trad. |
| 9 (RLIN) | 3841 |
| Estado de retiro | Estado de pérdida | Restricciones de uso | No para préstamo | Código de colección | Localización permanente | Ubicación/localización actual | Ubicación en estantería | Fecha de adquisición | Número de inventario | Total de préstamos | Signatura topográfica completa | Código de barras | Fecha visto por última vez | Precio válido a partir de | Tipo de ítem Koha |
|---|---|---|---|---|---|---|---|---|---|---|---|---|---|---|---|
| Excluido de préstamo | Monografías: Libros y Folletos | General | General | En catalogación | 21.05.2010 | LF1 | 18993-10 | 25.06.2020 | 25.06.2020 | No se presta |
